| 000 | 00448nam a22001817a 4500 | ||
|---|---|---|---|
| 999 |
_c10051 _d10051 |
||
| 003 | GBCCL | ||
| 005 | 20241126110724.0 | ||
| 008 | 240216b ||||| |||| 00| 0 eng d | ||
| 020 | _a9789389069013 | ||
| 040 | _cGBC | ||
| 082 |
_a249 _bMAN |
||
| 100 |
_aManokaran, J N _917455 |
||
| 245 | _aChrist and parents | ||
| 260 |
_aBangalore : _bOmega book world, _c2019 |
||
| 300 | _a138p. ; | ||
| 650 |
_aChristian family _92150 |
||
| 942 |
_2ddc _cBK _07 |
||